| 000 | 02574nam a22003257a 4500 | ||
|---|---|---|---|
| 001 | BRCA_9303 | ||
| 003 | FranzMayer | ||
| 005 | 20230809144108.0 | ||
| 008 | 190828b ||||| |||| 00| 0 spa d | ||
| 040 |
_cMFM _aMFM _bespañol |
||
| 050 | 0 |
_aBL625 _b.B56 1605 (13-56) |
|
| 100 | 1 |
_aBlosio, Ludovico _928340 |
|
| 240 |
_aObras de Ludovico Blosio _hAbad de la Orden de San Benito _lespañol |
||
| 245 | 0 |
_aObras de Ludovico Blosio _bAbad de la Orden de San Benito |
|
| 260 |
_aMadrid _bEn casa de Juan de la Cuesta _c1605 |
||
| 300 |
_a771 p. _c28 x 22 cm. |
||
| 500 | _aIncluye tabla de los lugares de la sagrada escritura, que se declaran en las obras de Blosio o se traen con alguna particularidad y tabla de los materiales y lugares comunes que se hallan en las obras de Lodovico Blosio | ||
| 500 | _aEstado físico: en mal estado. Se encuentra en el Área de Restauración. Encuadernación en pergamino. | ||
| 500 | _aAl material le falta la caratula | ||
| 500 | _a13-59 | ||
| 500 | _aFondo antiguo | ||
| 500 | _aEjemplar se encuentra en caja fuerte | ||
| 500 | _aSe incluyen las siguientes obras: Reglas de la vida espiritual/Espejo espiritual/Soy el espiritual de revelaciones/Cofrezito espiritual de oraciones, y de otras cosas devotas/Corona de la virgen santisima, con la vida de Cristo nuestro redentor/Tesoro de oraciones devotas/Manual de los humildes, dos libros/Recreación del alma,quatro libros/Colirio de los herejes, dos libros/Comparacion entre el rey y el monje/Consuelo de pusilamines/Coloquio de la muerte entre Cristo y el alma cristiana/Institucion espiritual/Exercicios de oraciones devotas/Breve regla para comenzar la vida espiritual/Exercicios de la passion de Cristo nuestro señor/Exercicios quotidianos/Documentos para alcanzar la perfección de la vida/Margarita espiritual/Explicacion de la passion de Cristo nuestro redentor/Del inmenso amor de Dios para con los hombres/Sumario de instituciones espirituales/Articulos para meditar la vida de Cristo/Yesca del diurno amor/Psalmodia breve/Tabla espiritual/Dichos de los padres/Antorchas para alumbrar los herejes/Espejos de los monjes | ||
| 501 | _aFondo reservado: para su consulta es necesaria credencial de usuario y carta de motivos. | ||
| 505 | _aTexto en: españolTraducido del: latínDirigido a: clericós, obispos o cualquier otra persona perteneciente a la iglesia católica | ||
| 650 | 1 |
_2Religión _aMitología _vRacionalismo _928995 |
|
| 651 | 2 |
_2Vida religiosa _aAscetismo _vMiticismo _928996 |
|
| 700 |
_aAlfaro, Gregorio de _etr. _928341 |
||
| 942 |
_2lcc _cB |
||
| 999 |
_c10778 _d10778 |
||